000 00632nam a2200241Ia 4500
003 OSt
005 20221005124200.0
006 a|||||r|||| 00| 0
007 ta
008 221004b |||||||| |||| 00| 0 eng d
024 _a63193
037 _cTextual
040 _aCRL
_cCRL
_beng
041 _2eng
_aeng
082 _aV23232:1:M, A
100 _aRoss E C
_9634811
245 0 _aMemorandun on Mekran
260 _c1870
490 _aSelections from the records of the Bombay Government, new series; 111
650 _aHISTORY
942 _hV23232:1:M, A
_cTEXL
_2cc
999 _c1049678
_d1049678